LEADER 02147nam1-2200469---450- 001 990001109750203316 005 20030311113341.0 035 $a000110975 035 $aUSA01000110975 035 $a(ALEPH)000110975USA01 035 $a000110975 100 $a20021202d1901----km-y0enga50------ba 101 0 $aita 102 $aIT 105 $aaf||z|||001yy 200 1 $aStoria dell'arte italiana$fAdolfo Venturi 210 $aMilano$cU. Hoepli$d1901- 215 $a11 v. in 25$d25 cm 463 \1$1001990001087130203316$12001 $a<<11. :>> Architettura del Cinquecento$econ 876 incisioni in fototipografia 463 \1$1001990001098670203316$12001 $a<<9. :>> <> pittura del Cinquecento 463 \1$1001990001100490203316$12001 $a<<8.:>> <>architettura del Quattrocento 463 \1$1001990001108730203316$12001 $a<<10. :La>> scultura del Cinquecento 463 \1$1001990001109590203316$12001 $a<<3.:>> <>arte romanica$econ 900 incisioni in fototipografia 463 \1$1001990001110120203316$12001 $a<<7. :>> <> pittura del Quattrocento 463 \1$1001990001110530203316$12001 $a<<5. :>> <> pittura del Trecento e le sue origini$econ 818 incisioni in fototipografia 463 \1$1001990001111850203316$12001 $a<<1. :>> Dai primordi dell'arte cristiana al tempo di Giustiniano$econ 462 incisioni in fototipografia 463 \1$1001990001112360203316$12001 $a<<2. :>> Dall'arte barbarica alla romanica$econ 506 incisioni in fototipografia 463 \1$1001990001112960203316$12001 $a<<6. :>> <> scultura del Quattrocento 463 \1$1001990001134060203316$12001 $a<<4. :>> <> scultura del Trecento e le sue origini$econ 803 incisioni in fototipografia 606 0 $aArte italiana$xStoria 676 $a709.45 700 1$aVENTURI,$bAdolfo$0307104 801 0$aIT$bsalbc$gISBD 912 $a990001109750203316 951 $aVII A 177/$bL.M.$cVII A 959 $aBK 969 $aUMA 979 $aMARIA$b10$c20021202$lUSA01$h0959 979 $aPAOLA$b90$c20030311$lUSA01$h1133 979 $aPATRY$b90$c20040406$lUSA01$h1717 996 $aStoria dell'arte italiana$9115047 997 $aUNISA LEADER 01631oas 2200445 a 450 001 9910693275103321 005 20071114090458.0 035 $a(CKB)5470000002360772 035 9 $aocm58650763 035 $a(OCoLC)58650763 035 $a(EXLCZ)995470000002360772 100 $a20050328a20019999 sa 101 0 $aeng 135 $aurmnu|||||||| 181 $ctxt$2rdacontent 182 $cc$2rdamedia 183 $acr$2rdacarrier 200 10$aAnnual report to Congress and performance plan$b[electronic resource] /$fDepartment of Defense, Chemical and Biological Defense Program 210 $aWashington, D.C. $cDept. of Defense$d2001- 300 $aTitle from title screen (PDF, publisher's web site, viewed on Mar. 25, 2004). 300 $aLatest issue consulted: 2006, vol. 1 (viewed Feb. 22, 2007). 517 1 $aDepartment of Defense Chemical, Biological, Radiological and Nuclear Defense Program 517 1 $aAnnual report to Congress 517 1 $aFY ... performance plan 517 1 $aChemical & Biological Defense Program annual report 606 $aNuclear warfare$vPeriodicals 606 $aBiological warfare$zUnited States$vPeriodicals 606 $aChemical warfare$zUnited States$vPeriodicals 607 $aUnited States$xArmed Forces$xOperational readiness$vPeriodicals 615 0$aNuclear warfare 615 0$aBiological warfare 615 0$aChemical warfare 801 0$bGPO 801 1$bGPO 801 2$bMYG 801 2$bGPO 906 $aDOCUMENT 912 $a9910693275103321 996 $aAnnual report to Congress and performance plan$93149854 997 $aUNINA